Top 15 Celebrities Born In 1945 - Statistics

General Stats
  • This quiz has been taken 176 times
  • The average score is 6 of 15
Answer Stats
Picture Answer % Correct
Bob Marley
91%
Tom Selleck
59%
Steve Martin
55%
Rod Stewart
50%
Helen Mirren
49%
Bette Midler
46%
Priscilla Presley
45%
Goldie Hawn
42%
Eric Clapton
34%
Henry Winkler
34%
Neil Young
20%
Carly Simon
15%
Bob Seger
9%
Anne Murray
5%
John Heard
5%
No matching quizzes found
Score Distribution
Percent of People with Each Score
Percentile by Number Answered
Your Score History
You have not taken this quiz